Mulaqatein (Record no. 612601)

000 -LEADER
fixed length control field 00319nam a22001337a 4500
020 ## - INTERNATIONAL STANDARD BOOK NUMBER
International Standard Book Number 9693512391
040 ## - CATALOGING SOURCE
Transcribing agency Nust
082 ## - DEWEY DECIMAL CLASSIFICATION NUMBER
Classification number 891.4398
Author Mark INT
100 ## - MAIN ENTRY--PERSONAL NAME
Personal name Intezar Hussain
9 (RLIN) 127486
245 ## - TITLE STATEMENT
Title Mulaqatein
260 ## - PUBLICATION, DISTRIBUTION, ETC.
Place of publication, distribution, etc. Lahore:
Name of publisher, distributor, etc. Sang e meel Publications,
Date of publication, distribution, etc. 2001.
650 ## - SUBJECT ADDED ENTRY--TOPICAL TERM
Topical term or geographic name entry element Mulaqatein
9 (RLIN) 127487
942 ## - ADDED ENTRY ELEMENTS (KOHA)
Source of classification or shelving scheme
Koha item type Book
Holdings
Withdrawn status Lost status Source of classification or shelving scheme Damaged status Not for loan Permanent Location Current Location Shelving location Date acquired Full call number Barcode Date last seen Price effective from Koha item type Shelving control number Public note
          College of Electrical & Mechanical Engineering (CEME) College of Electrical & Mechanical Engineering (CEME) General Stacks 01/13/2025 891.4398 INT CEME- 35772 01/13/2025 01/13/2025 Book    
          College of Electrical & Mechanical Engineering (CEME) College of Electrical & Mechanical Engineering (CEME) Fiction 01/13/2025 891.4398 INT CEME- 35771 01/13/2025 01/13/2025 Book Urdu Literature 1.0
© 2023 Central Library, National University of Sciences and Technology. All Rights Reserved.